Stories By English Authors : (Record no. 231696)
[ view plain ]
| 000 -LEADER | |
|---|---|
| fixed length control field | 01056cam a22003013a 4500 |
| 001 - CONTROL NUMBER | |
| control field | 2359 |
| 003 - CONTROL NUMBER IDENTIFIER | |
| control field | PGUSA |
| 005 - DATE AND TIME OF LATEST TRANSACTION | |
| control field | 20140828083013.0 |
| 008 - FIXED-LENGTH DATA ELEMENTS--GENERAL INFORMATION | |
| fixed length control field | 060326s2006||||xxu|||||s|||||000 1 eng d |
| 040 ## - CATALOGING SOURCE | |
| Original cataloging agency | PGUSA |
| Language of cataloging | eng |
| 042 ## - AUTHENTICATION CODE | |
| Authentication code | dc |
| 050 #4 - LIBRARY OF CONGRESS CALL NUMBER | |
| Classification number | PR |
| 245 10 - TITLE STATEMENT | |
| Title | Stories By English Authors : |
| Remainder of title | France (Selected by Scribners) |
| Medium | [electronic resource] |
| 260 ## - PUBLICATION, DISTRIBUTION, ETC. (IMPRINT) | |
| Name of publisher, distributor, etc | Project Gutenberg, |
| Date of publication, distribution, etc | 2006 |
| 505 0# - FORMATTED CONTENTS NOTE | |
| Formatted contents note | A Lodging For The Night, by Stevenson -- A Leaf In The Storm, by Ouida -- A Terribly Strange Bed, by Collins -- Michel Lorio's Cross, by Stretton -- A Perilous Amour, by Weyman. |
| 506 ## - RESTRICTIONS ON ACCESS NOTE | |
| Terms governing access | Public domain in the USA. |
| 516 ## - TYPE OF COMPUTER FILE OR DATA NOTE | |
| Type of computer file or data note | Electronic text |
| 653 ## - INDEX TERM--UNCONTROLLED | |
| Uncontrolled term | France -- Fiction |
| 653 ## - INDEX TERM--UNCONTROLLED | |
| Uncontrolled term | Short stories, English |
| 700 1# - ADDED ENTRY--PERSONAL NAME | |
| Personal name | Weyman, Stanley John, |
| Dates associated with a name | 1855-1928 |
| 700 1# - ADDED ENTRY--PERSONAL NAME | |
| Personal name | Collins, Wilkie, |
| Dates associated with a name | 1824-1889 |
| 700 1# - ADDED ENTRY--PERSONAL NAME | |
| Personal name | Ouida, |
| Dates associated with a name | 1839-1908 |
| 700 1# - ADDED ENTRY--PERSONAL NAME | |
| Personal name | Stretton, Hesba, |
| Dates associated with a name | 1832-1911 |
| 700 1# - ADDED ENTRY--PERSONAL NAME | |
| Personal name | Stevenson, Robert Louis, |
| Dates associated with a name | 1850-1894 |
| 830 #0 - SERIES ADDED ENTRY--UNIFORM TITLE | |
| Uniform title | Project Gutenberg |
| Volume number/sequential designation | 2359 |
| 856 40 - ELECTRONIC LOCATION AND ACCESS | |
| Uniform Resource Identifier | <a href="http://www.gutenberg.org/ebooks/2359">http://www.gutenberg.org/ebooks/2359</a> |
| 942 ## - ADDED ENTRY ELEMENTS (KOHA) | |
| Koha item type | eBooks |
| Withdrawn status | Lost status | Damaged status | Home library | Current library | Date acquired | Total Checkouts | Date last seen | Price effective from | Koha item type |
|---|---|---|---|---|---|---|---|---|---|
| Project Gutenberg | Project Gutenberg | 08/28/2014 | 08/28/2014 | 08/28/2014 | eBooks |